<?xml version="1.0" encoding="UTF-8"?>
<record
    xmlns:xsi="http://www.w3.org/2001/XMLSchema-instance"
    xsi:schemaLocation="http://www.loc.gov/MARC21/slim http://www.loc.gov/standards/marcxml/schema/MARC21slim.xsd"
    xmlns="http://www.loc.gov/MARC21/slim">

  <leader>00737cam a22002172i 4500</leader>
  <controlfield tag="001">CIP113001917</controlfield>
  <controlfield tag="003">YEEZEN</controlfield>
  <controlfield tag="005">20250701153023.0</controlfield>
  <controlfield tag="008">240202s2024    ch     e      000 0 chi d</controlfield>
  <datafield tag="020" ind1=" " ind2=" ">
    <subfield code="a">9786267438213</subfield>
    <subfield code="q">(&#x5E73;&#x88DD;) :</subfield>
    <subfield code="c">NT$300</subfield>
  </datafield>
  <datafield tag="040" ind1=" " ind2=" ">
    <subfield code="a">CIP</subfield>
    <subfield code="b">chi</subfield>
    <subfield code="c">CIP</subfield>
  </datafield>
  <datafield tag="042" ind1=" " ind2=" ">
    <subfield code="a">nbic</subfield>
  </datafield>
  <datafield tag="084" ind1=" " ind2=" ">
    <subfield code="a">410.1619</subfield>
    <subfield code="2">ncsclt</subfield>
  </datafield>
  <datafield tag="090" ind1=" " ind2=" ">
    <subfield code="a">410.1619</subfield>
  </datafield>
  <datafield tag="245" ind1="1" ind2="0">
    <subfield code="a">&#x91AB;&#x5B78;&#x502B;&#x7406;&#x5BE6;&#x52D9;. &#x7B2C;4&#x8F2F;</subfield>
    <subfield code="c">&#x9676;&#x5B8F;&#x6D0B;, &#x9673;&#x5982;&#x610F;, &#x9673;&#x5EFA;&#x826F;, &#x674E;&#x8056;&#x7389;, &#x5510;&#x9038;&#x6587;, &#x5F35;&#x7D20;&#x7389;, &#x6234;&#x745E;&#x82AC;, &#x694A;&#x6DD1;&#x96C5;, &#x9673;&#x83C1;&#x83C1;, &#x5ED6;&#x7F8E;&#x73CD;, &#x5B6B;&#x570B;&#x6E05;, &#x9AD8;&#x5FD7;&#x7FD4;, &#x9EC3;&#x8CC7;&#x96C5;, &#x5F35;&#x4EBA;&#x5C39;&#x8457;; &#x9673;&#x579A;&#x751F;&#x4E3B;&#x7DE8;</subfield>
  </datafield>
  <datafield tag="260" ind1=" " ind2=" ">
    <subfield code="a">&#x9AD8;&#x96C4;&#x5E02; :</subfield>
    <subfield code="b">&#x9AD8;&#x96C4;&#x69AE;&#x7E3D;, </subfield>
    <subfield code="c">2024.04</subfield>
  </datafield>
  <datafield tag="300" ind1=" " ind2=" ">
    <subfield code="a">&#x9762; ;</subfield>
    <subfield code="c">&#x516C;&#x5206;</subfield>
  </datafield>
  <datafield tag="650" ind1=" " ind2="7">
    <subfield code="2">lcstt</subfield>
    <subfield code="a">&#x91AB;&#x5B78;&#x502B;&#x7406;</subfield>
  </datafield>
  <datafield tag="650" ind1=" " ind2="7">
    <subfield code="2">lcstt</subfield>
    <subfield code="a">&#x502B;&#x7406;&#x6559;&#x80B2;</subfield>
  </datafield>
  <datafield tag="942" ind1=" " ind2=" ">
    <subfield code="2">ccl</subfield>
    <subfield code="c">BOOK</subfield>
  </datafield>
  <datafield tag="999" ind1=" " ind2=" ">
    <subfield code="c">7645</subfield>
    <subfield code="d">7645</subfield>
  </datafield>
  <datafield tag="952" ind1=" " ind2=" ">
    <subfield code="0">0</subfield>
    <subfield code="1">0</subfield>
    <subfield code="2">ccl</subfield>
    <subfield code="4">0</subfield>
    <subfield code="7">0</subfield>
    <subfield code="a">yeezen</subfield>
    <subfield code="b">yeezen</subfield>
    <subfield code="c">YEEZEN</subfield>
    <subfield code="d">2025-07-01</subfield>
    <subfield code="l">0</subfield>
    <subfield code="o">410.1619</subfield>
    <subfield code="p">C03227</subfield>
    <subfield code="r">2025-07-01 00:00:00</subfield>
    <subfield code="w">2025-07-01</subfield>
    <subfield code="y">BOOK</subfield>
    <subfield code="z">&#x532F;&#x96C6;&#x9AD8;&#x96C4;&#x69AE;&#x6C11;&#x7E3D;&#x91AB;&#x9662;&#x91AB;&#x5B78;&#x502B;&#x7406;&#x66A8;&#x6CD5;&#x5F8B;&#x7814;&#x8A0E;&#x6703;&#x8A0E;&#x8AD6;&#x6848;&#x4F8B;&#xFF0C;&#x4EE5;&#x4E0D;&#x540C;&#x89D2;&#x5EA6;&#x5206;&#x6790;&#x63A2;&#x8A0E;&#x81E8;&#x5E8A;&#x771F;&#x5BE6;&#x8B70;&#x984C;&#xFF0C;&#x5305;&#x542B;&#x502B;&#x7406;&#x3001;&#x6CD5;&#x5F8B;&#x5C64;&#x9762;&#xFF0C;&#x8207;&#x591A;&#x65B9;&#x5C08;&#x696D;&#x4EBA;&#x58EB;(&#x91AB;&#x5E2B;&#x3001;&#x91AB;&#x4E8B;&#x3001;&#x793E;&#x5DE5;&#x3001;&#x5FC3;&#x7406;&#x3001;&#x6CD5;&#x5F8B;...&#x7B49;)&#x89C0;&#x9EDE;&#xFF0C;&#x4E26;&#x6709;&#x4F5C;&#x8005;&#x5FC3;&#x9748;&#x8FF4;&#x97FF;&#x5C0F;&#x6545;&#x4E8B;&#x66F4;&#x8C50;&#x5BCC;&#x6574;&#x9AD4;&#xFF0C;&#x63D0;&#x4F9B;&#x7D66;&#x5E74;&#x8F15;&#x91AB;&#x4E8B;&#x5F9E;&#x696D;&#x4EBA;&#x54E1;&#x502B;&#x7406;&#x6559;&#x80B2;&#x3002;</subfield>
  </datafield>
</record>
